Multiple Choice-Stadtquiz Bozen - Statistiken

Allgemein
  • Dieses Quiz wurde 11 mal gespielt
  • Das Durchschnittsergebnis liegt bei 6 aus 10
Antwortstatistiken
Frage Antwort % Korrekt
Bozen ist die Hauptstadt welcher Provinz? Südtirol
100%
Wie lautet der italienische Name von Bozen? Bolzano
91%
Was kann in einem Bozner Museum betrachtet werden? Gletschermumie
91%
An welchem dieser Flüsse liegt Bozen? Etsch
82%
Wie heißt der zentrale Platz Bozens, mit dem Denkmal eines berühmten Minnesängers? Waltherplatz
82%
Welche mittelalterliche Burg steht bei Bozen? Runkelstein
55%
Welche Straße verläut mitten durch die Altstadt? Laubengasse
27%
In etwa wie viele Einwohner Bozens sprechen Deutsch als Muttersprache? 25%
9%
Welcher Prominente wurde in Bozen geboren? Roland Trettl
9%
Was versammelt jährlich über 200.000 Besucher in Bozen? Wirtschaftsmesse
9%
Keine übereinstimmenden Quizze gefunden
Verteilung der Resultate
Anzahl Personen mit jedem Resultat
Perzentil nach korrekt beantworteten Fragen
Ihre Resultats-Entwicklung
Sie haben dieses Quiz noch nicht gespielt